Problém autokorelácie v ekonometrickom modelovaní bakalárska práca

Na minha lista:
Detalhes bibliográficos
Autor principal: Bombara, Michal
Autor Corporativo: Fakulta hospodárskej informatiky EU. Katedra operačného výskumu a ekonometrie
Outros Autores: Oštrom, Marek
Formato: Livro
Idioma:eslovaco
Publicado em: Bratislava 2010
Tags: Adicionar Tag
Sem tags, seja o primeiro a adicionar uma tag!

MARC

LEADER 00000nbm a2200000 4500
001 0133703
005 20161109111545.3
041 0 |a slo 
044 |a SK 
245 1 0 |a Problém autokorelácie v ekonometrickom modelovaní  |b bakalárska práca  |c Michal Bombara ; školiteľ: Marek Oštrom 
264 1 |a Bratislava  |c 2010 
300 |a 52 s. 
100 1 |a Bombara, Michal 
700 1 |a Oštrom, Marek 
710 2 |a Fakulta hospodárskej informatiky EU. Katedra operačného výskumu a ekonometrie